Sous région de la région pied - Statistiques

Statistiques générales
  • Ce quiz a été pris 7 fois
  • Le résultat moyen est 2 sur 6
Statistiques - réponses
Sous régions Réponse % Correct
Région orteil
100%
Région calcanéenne
33%
Région métatarsienne
33%
Région gros orteil
0%
Région plante du pied
0%
Région talo-crurale antérieure
0%
Aucun quiz correspondant
Distribution des résultats
% des personnes avec chaque résultat
Percentile par nombre de réponses
Votre historique - résultats
Vous n’avez pas pris ce quiz